000 00710nam a2200205 i 4500
001 109217
003 ES-MaACL
005 20250603152407.0
007 t|
008 061121s1965 sp r ||||1| spa d
245 0 0 _aMiscelánea conmemorativa del Concilio de Trento (1563 - 1963)
_b: Estudios y documentos.
260 _aMadrid, etc. :
_bC.S.I.C. Inst. Enrique Flórez,
_c1965.
300 _a501 p. ;
_c25 cm.
490 1 _aHispania Sacra ;
_v16
611 2 7 _aConcilio de Trento
_d(1545-1563)
_2
_9135069
710 2 _aInstituto de Historia Eclesiástica "Padre Enrique Flórez"
_94954
830 0 _aHispania Sacra ;
_v16
_9232970
852 _aES-MaACL
_jC-28008
_bR.57278
999 _c109217
_d109217